000 00350nam a22001337a 4500
020 _a0-07-025763-9
082 _a621.38173 HAM'B
100 _aHAMILTON, D. J, HOWARD, W. G
_966590
245 _aBASIC INTEGRATED CIRCUITS ENGIEEERING
260 _aNEWYORK
_bMCGRAW HILL
_c1975
300 _a272P
650 _aINTEGRATED CIRCUITS
_92960
942 _cBK
999 _c574535
_d574535